| 000 | 00615nam a2200229 a 4500 | ||
|---|---|---|---|
| 999 |
_c4543 _d4543 |
||
| 001 | 4543 | ||
| 003 | BD-JhCC | ||
| 005 | 20180123182643.0 | ||
| 008 | 171128s19561968p |||| || | 000 0 eng d | ||
| 035 | _a(BD-JhCC)4543 | ||
| 040 |
_aBD-JhCC _dBD-JhCC |
||
| 041 | _aeng | ||
| 082 |
_a657 _bDOG 1968 |
||
| 100 | _aDogar, Tufail Muhammad | ||
| 245 |
_aAccounts & Audit Rules & Procedure, etc. / _cAl-Haj Tufail Muhammad Dogar, |
||
| 250 | _a5Th Ed | ||
| 260 |
_aLahore : _bDoger Brothers Standard Publishers, _c1968. |
||
| 300 |
_a508 p. : _c18 cm. |
||
| 650 | _aAccounting | ||
| 942 |
_2ddc _cBK |
||